Le Réseau Bibus (Brest) - Statistiques

Statistiques générales
  • Ce quiz a été pris 177 fois
  • Le résultat moyen est 14 sur 49
Statistiques - réponses
Lignes Bibus Réponse % Correct
12 Liberté
82%
13 Liberté
82%
16 Liberté
82%
A Porte de Gouesnou
77%
4 Porte de Gouesnou
77%
20 Porte de Gouesnou
77%
25 Porte de Gouesnou
77%
A Porte de Guipavas
75%
18 Porte de Guipavas
75%
A Porte de Plouzané
74%
3 Océanopolis
53%
2 Lambézellec
47%
1 Gare
45%
19 Gare
45%
6 Fort Montbarey
34%
3 AFPA
32%
5 Port de Commerce
29%
2 Technopôle
26%
C Jean Moulin
25%
C Ateliers
22%
5 Provence
22%
10 Plouzané Bourg
17%
13 Bohars Petite Gare
13%
14 Bohars Petite Gare
13%
4 Liberté Morvan
13%
11 Plouzané Mairie
13%
21 Plouzané Mairie
13%
12 Guilers Roberval
12%
22 Guilers Roberval
12%
1 Hôpital Cavale 2
12%
10 Hôpital Cavale 2
12%
19 Plougastel Ty ar Menez
10%
16 Guipavas Anne de Bretagne
9%
22 Quatre Pompes
8%
23 Quatre Pompes
8%
14 Strasbourg Jaurès
7%
17 Strasbourg Jaurès
7%
15 Gouesnou Lantel
6%
17 Le Relecq-Kerhuon Kerjean
6%
11 Piccard
6%
21 Bordenave
5%
18 Le Relecq-Kerhuon Danton
4%
23 Plougastel Calvaire
4%
25 Plougastel Calvaire
4%
27 Plougastel Calvaire
4%
20 Guipavas Aéroport
3%
6 Prat Lédan
3%
15 Villeneuve
3%
27 Plougastel Ty Armor
2%
Aucun quiz correspondant
Distribution des résultats
% des personnes avec chaque résultat
Percentile par nombre de réponses
Votre historique - résultats
Vous n’avez pas pris ce quiz